Contrajuventud : (Registro nro. 41444)
[ vista simple ]
| 000 -LEADER | |
|---|---|
| fixed length control field | 01317cam a2200361 i 4500 |
| 001 - CONTROL NUMBER | |
| control field | 41444 |
| 003 - CONTROL NUMBER IDENTIFIER | |
| control field | Mx-PuUPA |
| 005 - DATE AND TIME OF LATEST TRANSACTION | |
| control field | 20251127110557.0 |
| 008 - FIXED-LENGTH DATA ELEMENTS--GENERAL INFORMATION | |
| fixed length control field | 140415s2001 pe a gr 001 0 spa d |
| 017 ## - COPYRIGHT OR LEGAL DEPOSIT NUMBER | |
| Copyright or legal deposit number | 1501052001-1618 |
| 020 ## - INTERNATIONAL STANDARD BOOK NUMBER | |
| International Standard Book Number | 99725159X |
| 022 ## - INTERNATIONAL STANDARD SERIAL NUMBER | |
| International Standard Serial Number | 0586-5913 |
| 040 ## - CATALOGING SOURCE | |
| Transcribing agency | Mx-PuUPA |
| Original cataloging agency | Mx-PuUPA |
| Language of cataloging | spa |
| Modifying agency | Mx-PuUPA |
| Description conventions | rda |
| 041 0# - LANGUAGE CODE | |
| Language code of text/sound track or separate title | spa |
| 043 ## - GEOGRAPHIC AREA CODE | |
| Geographic area code | s-pe--- |
| 100 1# - MAIN ENTRY--PERSONAL NAME | |
| Personal name | Venturo Schultz, Sandro, |
| 9 (RLIN) | 17725 |
| Relator term | autor |
| 245 10 - TITLE STATEMENT | |
| Title | Contrajuventud : |
| Remainder of title | ensayos sobre juventud y participación política / |
| Statement of responsibility, etc. | Sandro Venturo Schultz |
| 250 ## - EDITION STATEMENT | |
| Edition statement | Primera edición / |
| Remainder of edition statement | mayo |
| 264 #1 - PRODUCTION, PUBLICATION, DISTRIBUTION, MANUFACTURE, AND COPYRIGHT NOTICE | |
| Place of production, publication, distribution, manufacture | Lima, Perú : |
| Name of producer, publisher, distributor, manufacturer | IEP Ediciones, |
| Date of production, publication, distribution, manufacture, or copyright notice | 2001 |
| 300 ## - PHYSICAL DESCRIPTION | |
| Extent | 180 páginas : |
| Other physical details | ilustraciones (blanco y negro) ; |
| Dimensions | 21 cm |
| 336 ## - CONTENT TYPE | |
| Fuente | rdacontent |
| Content type term | texto |
| Content type code | txt |
| 337 ## - MEDIA TYPE | |
| Source | rdamedia |
| Media type term | sin medio |
| Media type code | n |
| 338 ## - CARRIER TYPE | |
| Source | rdacarrier |
| Carrier type term | volumen |
| Carrier type code | nc |
| 490 0# - SERIES STATEMENT | |
| Series statement | Urbanización, migraciones y cambios en la sociedad peruana ; |
| Volume/sequential designation | 16 |
| 650 #7 - SUBJECT ADDED ENTRY--TOPICAL TERM | |
| Source of heading or term | armarc |
| Topical term or geographic name entry element | Movimientos estudiantiles ; |
| Geographic subdivision | Perú |
| 650 #7 - SUBJECT ADDED ENTRY--TOPICAL TERM | |
| Source of heading or term | armarc |
| Topical term or geographic name entry element | Estudiantes |
| General subdivision | Actividad Política |
| Geographic subdivision | Perú |
| 650 #7 - SUBJECT ADDED ENTRY--TOPICAL TERM | |
| Source of heading or term | armarc |
| Topical term or geographic name entry element | Jóvenes |
| General subdivision | Participación Política |
| Geographic subdivision | Perú |
| 650 #7 - SUBJECT ADDED ENTRY--TOPICAL TERM | |
| Source of heading or term | armarc |
| Topical term or geographic name entry element | Movimientos estudiantiles |
| Geographic subdivision | Perú |
| 942 ## - ADDED ENTRY ELEMENTS (KOHA) | |
| Source of classification or shelving scheme | Dewey Decimal Classification |
| Koha item type | Libro |
| Classification part | 320.508420985 |
| Item part | V44 |
| Withdrawn status | Lost status | Source of classification or shelving scheme | Damaged status | Not for loan | Collection code | Home library | Current library | Shelving location | Date acquired | Source of acquisition | Cost, normal purchase price | Total Checkouts | Full call number | Barcode | Date last seen | Cost, replacement price | Price effective from | Koha item type |
|---|---|---|---|---|---|---|---|---|---|---|---|---|---|---|---|---|---|---|
| Dewey Decimal Classification | General | Biblioteca Karol Wojtyla | Biblioteca Karol Wojtyla | Sala general | 03/12/2013 | Donación | 0.00 | 320.508420985 V44 2001 | 62527 | 19/01/2026 | 0.00 | 03/12/2013 | Libro |